El príncipe feliz, El ruiseñor y la rosa y otros cuentos

Guardat en:
Dades bibliogràfiques
Autor principal: Wilde, Oscar 1854-1900 (Autor)
Format: Llibre
Idioma:espanyol
Publicat: Santiago Andrés Bello 1991
Edició:1a. ed
Col·lecció:Nivel 3, 101
Matèries:
Etiquetes: Afegir etiqueta
Sense etiquetes, Sigues el primer a etiquetar aquest registre!

MARC

LEADER 00000cam a2200000 a 4500
001 UCC3908
003 CL-VaPUC
008 180622e19910000cl |||||||||||||||||spa|d
020 |a 9561314150 
082 0 4 |a 823  |b WIL  |2 21 
100 |a Wilde, Oscar  |d 1854-1900  |e author  |9 347444 
245 1 3 |a El príncipe feliz, El ruiseñor y la rosa y otros cuentos 
250 |a 1a. ed 
300 |a 112 p 
942 |c BK 
945 |d 20180622 13:48:00  |a arojas 
260 |a Santiago  |b Andrés Bello  |c 1991 
650 0 |a Literatura inglesa  |9 312907 
650 0 |a Cuentos ingleses  |9 265135 
650 0 |a Ficción   |9 376687 
583 |a last modification  |c 20180622 13:48:00  |k Rodrigo Vera 
490 0 |a Nivel 3, 101 
999 |c 371556  |d 371554